000
00493nam a2200169Ia 4500
008
110201s9999 xx 000 0 und d
082
_b
B6297
_a
K 2115
100
_a
शिरवळकर सुहास
245
_a
संशय
260
_b
दिलीपराज प्रकाशन
365
_b
120
600
_a
शिरवळकर सुहास
630
_a
संशय
700
_a
शिरवळकर सुहास
730
_a
संशय
942
_c
BOOK
999
_c
831991
_d
831988